三役経験のある力士(サドンデス) - Statistics

General Stats
  • This quiz has been taken 182 times
    7 since last reset
  • The average score is 14 of 21
Answers on the Grid
Answers color-coded by a green-red scale on the quiz's grid according to % correct below.
朝赤龍 太郎
熱海富士 朔太郎
安美錦 竜児
荒鷲 毅
勢 翔太
宇良 和輝
遠藤 聖大
炎鵬 友哉
阿武咲 奎也
王鵬 幸之介
大砂嵐 金太郎
隠岐の海 歩
輝 大士
垣添 徹
北太樹 明義
旭秀鵬 滉規
豪ノ山 登輝
黒海 太
佐田の海 貴士
正代 直也
蒼国来 栄吉
高見盛 精彦
千代翔馬 富士雄
千代大龍 秀政
千代の国 憲輝
時天空 慶晃
徳勝龍 誠
栃ノ心 剛史
翔猿 正也
友風 想大
豊響 隆太
北勝富士 大輝
妙義龍 泰成
明生 力
豊山 亮太
竜電 剛至
 
Answer Stats
Answer % Correct
熱海富士 朔太郎
83%
安美錦 竜児
83%
勢 翔太
83%
遠藤 聖大
83%
北勝富士 大輝
83%
明生 力
83%
朝赤龍 太郎
67%
宇良 和輝
67%
隠岐の海 歩
67%
垣添 徹
67%
正代 直也
67%
高見盛 精彦
67%
栃ノ心 剛史
67%
翔猿 正也
67%
妙義龍 泰成
67%
阿武咲 奎也
50%
王鵬 幸之介
50%
黒海 太
50%
千代大龍 秀政
50%
竜電 剛至
50%
時天空 慶晃
33%
No matching quizzes found
Score Distribution
Percent of People with Each Score
Percentile by Number Answered
Your Score History
You have not taken this quiz since the last reset